10 proyectos con word /

Guardado en:
Autor Principal: Cruz, Adriana
Formato: Libro
Publicado: Buenos Aires : Mp ediciones, 1999
Series:Pc users express
Materias:
Etiquetas: Agregar Etiqueta
Sin Etiquetas, Sea el primero en etiquetar este registro!
LEADER 00610nam a22002175a 4500
001 CEM.cems013298
005 20100317114046.0
008 130507s1999##################000#0#####d
003 CEMS
020 |a 9879131940 
082 0 4 |a 001.6425 
100 1 |a Cruz, Adriana 
245 1 0 |a 10 proyectos con word /  |c Adriana Cruz 
260 |a Buenos Aires :  |b Mp ediciones,  |c 1999 
300 |a 262 p. 
490 0 |a Pc users express 
500 |a Aplicaciones prácticas listas para usar 
653 |a Informática 
653 |a Computación 
653 |a Word 
859 |a CEMS  |b BIB. CEMS - 11 de abril  |h 001.6425  |i C889  |p 25800.10  |t Ej.1